| 000 | 00559pab a2200205 454500 | ||
|---|---|---|---|
| 008 | 180718b2006 xxu||||| |||| 00| 0 eng d | ||
| 100 | _aPadhi, Sakti | ||
| 245 | _aTribal population and chronic poverty in Orissa: a note on the north-south divide | ||
| 260 | _c2006 | ||
| 300 | _ap.81-90. | ||
| 362 | _aJul-Sep and Oct-Dec | ||
| 650 | _aTribes - India - Orissa | ||
| 650 | _aPoverty - India - Orissa | ||
| 650 | _aPoverty | ||
| 700 | _aMishra, Aswini Kumar | ||
| 700 | _aPanigrahi, Nilakantha | ||
| 773 | _aMargin | ||
| 908 | _aN | ||
| 909 | _a73622 | ||
| 999 |
_c73622 _d73622 |
||